000 00595nam a2200181Ia 4500
008 090123s9999 xx 000 0 und d
082 _b1111
100 _aसरदेसाई लक्ष्मणराव
245 _aलक्ष्मणरेषा
250 _a2
260 _bकुलकर्णी अ.अ.
300 _a161
600 _aसरदेसाई लक्ष्मणराव
630 _aलक्ष्मणरेषा
700 _aसरदेसाई लक्ष्मणराव
730 _aलक्ष्मणरेषा
942 _cBOOK
999 _c39195
_d39195